Sports Quiz

Random Sports or Football Quiz
Score 0/32 Timer 04:00
1 Play Today
% Correct
Seahawks
88.9%
Broncos
87.3%
Saints
86.8%
Dolphins
86.2%
Cowboys
85.8%
Falcons
85.7%
Titans
85.6%
Panthers
85%
Texans
84.4%
Vikings
84.3%
Patriots
83.4%
Cardinals
82.9%
Chiefs
82.8%
Bills
82.5%
Bears
82.3%
Packers
82%
% Correct
Steelers
81.8%
Buccaneers
80.8%
Colts
80.5%
Lions
80.3%
Jaguars
80.1%
Eagles
79.4%
Bengals
77.6%
Browns
77%
Chargers
76.8%
Redskins
75.4%
Ravens
75.2%
Jets
73.6%
Raiders
71.5%
Rams
71.5%
49ers
70%
Giants
67.5%

You're not logged in!

Compare scores with friends on all Sporcle quizzes.
OR
Log In

Sporcle TV

Today on Sporcle TV


Watch our educational content, quiz creation guides, and fun videos on Sporcle TV.

Show Comments

Extras

Top Quizzes Today


Score Distribution

Paid Content

Your Account Isn't Verified!

In order to create a playlist on Sporcle, you need to verify the email address you used during registration. Go to your Sporcle Settings to finish the process.

Report this User

Report this user for behavior that violates our Community Guidelines.

Details: